000 00530cam a22001811 4500
001 6097054
005 20250717120632.0
008 711112s1962 xx 000 0 eng
050 0 0 _aBV2110
_b.A5 1962
082 _a266
100 1 _aAllen, Roland,
_d1869-1947.
245 1 0 _aMissionary methods; St. Paul's or ours?
260 _aGrand Rapids,
_bEerdmans
_c[c1962]
300 _a179 p.
_c22 cm.
500 _aCompanion volume to the author's The spontaneous expansion of the church.
650 0 _aMissions.
942 _2lcc
_cBK
_n0
999 _c7028
_d7028